Alle Pokémon mit "U" - Statistiken

Allgemein
  • Dieses Quiz wurde 104 mal gespielt
  • Das Durchschnittsergebnis liegt bei 5 aus 6
Antwortstatistiken
Typ Pokémon % Korrekt
Pflanze / Gift Ultrigaria
100%
Flug / Drache UHaFnir
93%
Gift ☠ Unratütox
89%
Normal ✳ Ursaring
89%
Boden / Normal Ursaluna
81%
Flug / Wasser Urgl
67%
Keine übereinstimmenden Quizze gefunden
Verteilung der Resultate
Anzahl Personen mit jedem Resultat
Perzentil nach korrekt beantworteten Fragen
Ihre Resultats-Entwicklung
Sie haben dieses Quiz noch nicht gespielt